Statystyki dla quiz o samochodach #5

Kliknij tutaj aby rozwiązać quiz!

Ogólne statystyki

  • Ten quiz został rozwiązany 20 razy
  • Średni wynik to 3 z 11

Statystyki odpowiedzi

HintOdpowiedź% Poprawnych
czy silnik dizelowy ma świece zapłonowe?nie
100%
który kraj produkuje najwięcej samochodów?chiny
69%
ile supra ma wariacji?5
44%
jaki model samochodu najwięcej sprzedała kompania toyotacorolla
44%
najpierwszy samochód świata?mercedes/Patentwagen
19%
najgorzszy silnik na audi? (jeden z najgorszych)3 0 TDI
6%
najlepszy silnik audi ? (jeden z najlepszych)1 6 8V
0%
ile kosztuje najdroższy samochód?28 mln
0%
najgorszy samochód świata?Alfa Romeo Arna
0%
najlepszy samochód świata?Mercedes Project One
0%
kiedy stała sie afera spalinowa volkswagena?w 2015 roku.
0%

Rozkład punktacji

Percentyl według liczby udzielonych odpowiedzi

Procent ludzi z każdym wynikiem

Twoja historia wyników

Nie rozwiązałeś tego quizu